Are You Sure About That? - Statistics

General Stats
  • This quiz has been taken 3,218 times
    3,202 since last reset
  • The average score is 4 of 15
Answer Stats
Question Answer % Correct
Which country sent an object to the moon first? Soviet Union
67%
Orange. A fruit named after the colour, or a colour named after the fruit? Colour named after the fruit
42%
Which James Bond actor was born first? Roger Moore
41%
Prior to Columbus what was the fastest land transport for Native Americans? Foot
40%
Which country completed the first nonstop transatlantic plane flight? United Kingdom
35%
Where is Hadrian's Wall? In England
31%
Which country/region has never had a pure white flag? Japan
31%
How does the speed of a roadrunner compare to a coyote? A coyote is about twice as fast
28%
Which country fired the first shot (and hit) at Pearl Harbor on Dec 7th 1941? United States
23%
The Earth orbits around the centre of mass of which of these? The solar system
21%
In which US State is the city of Hollywood? Florida
19%
Which Hollywood giant was a producer of 1986 horror movie The Fly? Mel Brooks
17%
The feature film "Sgt. Pepper's Lonely Hearts Club Band" starred which band? The Bee Gees
16%
How has the average European male changed over the last 100,000 years? Become shorter with a smaller brain
14%
In which country was the oldest boomerang known to mankind discovered? Poland
7%
No matching quizzes found
Score Distribution
Percent of People with Each Score
Percentile by Number Answered
Your Score History
You have not taken this quiz since the last reset